Fundamentals of political economy : popular course (Record no. 432691)

000 -LEADER
fixed length control field 00369cam a22001337a 4500
008 - FIXED-LENGTH DATA ELEMENTS--GENERAL INFORMATION
fixed length control field 180718b xxu||||| |||| 00| 0 eng d
082 ## - DEWEY DECIMAL CLASSIFICATION NUMBER
Classification number T1 N584
100 ## - MAIN ENTRY--PERSONAL NAME
Personal name Nikitin, P.
245 ## - TITLE STATEMENT
Title Fundamentals of political economy : popular course
Statement of responsibility, etc. by P. Nikitin
260 ## - PUBLICATION, DISTRIBUTION, ETC.
Place of publication, distribution, etc. Moscow
Name of publisher, distributor, etc. Foreign Languages
Date of publication, distribution, etc.
300 ## - PHYSICAL DESCRIPTION
Extent 404p.
650 ## - SUBJECT ADDED ENTRY--TOPICAL TERM
Topical term or geographic name entry element Comparative economics
650 ## - SUBJECT ADDED ENTRY--TOPICAL TERM
Topical term or geographic name entry element Economics
Holdings
Withdrawn status Lost status Damaged status Not for loan Permanent Location Current Location Date acquired Full call number Barcode Date last seen Price effective from Koha item type
        Indian Institute of Public Administration Indian Institute of Public Administration 2010-02-03 T1 N584 35323 2018-07-21 2018-07-21 Book

Powered by Koha